Guía completa de Microsoft Excel 5 para Windows /
Guardado en:
| Autor Principal: | |
|---|---|
| Otros Autores: | , |
| Formato: | Libro |
| Idioma: | Spanish English |
| Publicado: |
Madrid :
McGraw-Hill Interamericana de España,
c1995.
|
| Materias: | |
| Etiquetas: |
Agregar Etiqueta
Sin Etiquetas, Sea el primero en etiquetar este registro!
|
| LEADER | 01047nam a22002415a 4500 | ||
|---|---|---|---|
| 001 | EAD.ead001237 | ||
| 008 | 080207s1995####sp#a##########001#0#spa#d | ||
| 005 | 20080218131423.0 | ||
| 245 | 1 | 0 | |a Guía completa de Microsoft Excel 5 para Windows / |c The Coob Group, Mark Dodge, Chris Kinata y Craig Stinson ; traducción, Mercedes Peralta López ... [et al.] ; revisión técnica, Antonio Vaquero Sánchez, Samuel Túnez Rodríguez. |
| 260 | |a Madrid : |b McGraw-Hill Interamericana de España, |c c1995. | ||
| 300 | |a xxxiii, 1170 p. : |b il. ; |c 23 cm. | ||
| 500 | |a "Microsoft Press"--Tapa. | ||
| 500 | |a "Nuevas órdenes y funciones - Notas y consejos - Indice extenso - Temas avanzados"--Tapa. | ||
| 500 | |a Incluye índices. | ||
| 500 | |a Traducción de: Running Microsoft Excel 5 for Windows. | ||
| 020 | |a 8448117522 | ||
| 100 | 1 | |a Dodge, Mark. | |
| 700 | 1 | |a Kinata, Chris. | |
| 700 | 1 | |a Stinson, Craig, |d 1943- | |
| 082 | 0 | 4 | |a 005.369 |2 21 |
| 653 | |a Microsoft Excel | ||
| 041 | 1 | |a spa |h eng | |
| 859 | |a AR-BaBDC |b BIB. ADMINISTRACION - Libros |h 005.369 |i E5 |p b03432 | ||
